Statistics for Welcome to the Jungle Guns N Roses Finish the Lyrics!

Click here to take the quiz!

General Stats

  • This quiz has been taken 72 times
  • The average score is 38 of 48

Answer Stats

HintAnswer% Correct
Welcome to the ______Jungle
100%
Welcome to the _______Jungle
100%
Welcome to the _____Jungle
100%
We got everything you ____want
97%
We got ___ and gamesfun
95%
In the jungle, _______ to the junglewelcome
95%
In the jungle, _______ to the junglewelcome
95%
In the jungle, _______ to the junglewelcome
95%
In the jungle, _______ to the junglewelcome
95%
If you got no _____, honeymoney
91%
I, I wanna hear you ______scream
89%
Whatever you ___ needmay
86%
But that's the _____ you payprice
86%
Ooh-ah, I'm gonna watch you _____bleed
84%
Ooh-ah, I wanna watch you _____bleed
84%
But you won't get them for ____free
84%
Who's very hard to ______please
84%
We ____ it day by daytake
84%
But you better not _____ it from metake
84%
It's _____ bring you down, huhgonna
83%
If you want it, you're _____ bleedgonna
83%
You're in the jungle, ____baby
81%
Watch it _____ you to your knees, kneesbring
81%
Watch it _____ you to your knees, kneesbring
81%
Watch it _____ you to your knees, kneesbring
81%
You're gonna ___die
81%
We are the _____ that can findpeople
80%
In ___ jungle, welcome to the junglethe
80%
In ___ jungle, welcome to the junglethe
80%
You know _____ you are?where
80%
You're a very ____ girlsexy
78%
__ the jungle, welcome to the junglein
77%
You learn to ____ like an animallive
77%
Feel my, my, my, my __________serpentine
75%
Watch it bring you to ____ knees, kneesyour
75%
You can have _______ you wantanything
72%
You can taste the ______ lightsbright
70%
We got your ______disease
70%
In the jungle where we ____play
69%
____ my, my, my, my serpentineFeel
66%
_____, we know the namesHoney
66%
Ever want to ____ downcome
63%
And when you're high, you _____never
59%
It's _____ here everydayworse
58%
You'll take it _________eventually
56%
_____ it bring to your...Watch
55%
So down, so down, so down, ____ Awyeah
45%
You got a ______ for what you seehunger
30%

Score Distribution

Percentile by Number Answered

Percent of People with Each Score

Your Score History

You have not taken this quiz